| 000 | 00839cam a2200253 4500 | ||
|---|---|---|---|
| 001 | ABS61421 | ||
| 008 | 000000n1999 000 0 eng u | ||
| 035 | _a(Sirsi) u100883 | ||
| 100 | _aPheng, L.S. | ||
| 245 | _aCrisis management: a survey of propety development firms | ||
| 260 | _c1999 | ||
| 490 |
_aProperty Management _v17(3) 1999, 231-251(11) |
||
| 520 | _aA survey of property developers in Singapore in mid-1996 reveals that their crisis management capabilities are affected by their size and opinion of the importance of crisis management. References. | ||
| 590 | _aABS | ||
| 650 | _aCRISIS MANAGEMENT | ||
| 650 | _aSTRATEGIES | ||
| 650 | _aPROPERTY DEVELOPMENT | ||
| 650 | _aSINGAPORE | ||
| 650 | _aCRISIS | ||
| 690 | _aOVERSEAS-REST OF THE WORLD | ||
| 700 | _aHo, D.K.H. | ||
| 700 | _aAnn, Y.S. | ||
| 942 | _n0 | ||
| 999 |
_c60249 _d60249 |
||